Competitividad de las exportaciones ecuatorianas : período 2007-2019 /

Bibliographic Details
Main Authors: Pauta Ortiz, Juan Carlos (Author), Abril Fajardo, Ximena Catalina (Author), Ortiz Vidal, Marisol Katherine (Author)
Format: Electronic eBook
Language:Spanish
Published: Cuenca, Ecuador : Universidad del Azuay, Casa Editora, [2025]
Edition:Primera edición.
Subjects:
Online Access:Digitalia Hispánica

MARC

LEADER 00000nam a2200000 i 4500
001 DIGUAZUAY0293
003 NyNyDIG
007 cr |||||||||||
008 260120s2025 ec ad ob 000 0 spa d
006 m o d
035 |a (OCoLC)1536988899 
040 |a DGITA  |b eng  |e rda  |e pn  |c DGITA 
020 |a 9789942670670  |q eBook 
020 |z 9789942670663 
043 |a s-ec--- 
050 1 4 |a HF3436.5 ebook 
100 1 |a Pauta Ortiz, Juan Carlos,  |e author. 
245 1 0 |a Competitividad de las exportaciones ecuatorianas :  |b período 2007-2019 /  |c Juan Carlos Pauta Ortiz, Ximena Catalina Abril Fajardo, Marisol Katherine Ortiz Vidal. 
250 |a Primera edición. 
264 1 |a Cuenca, Ecuador :  |b Universidad del Azuay, Casa Editora,  |c [2025] 
300 |a 1 online resource :  |b illustrations, charts. 
336 |a text  |b txt  |2 rdacontent 
337 |a computer  |b c  |2 rdamedia 
338 |a online resource  |b cr  |2 rdacarrier 
347 |a text file  |2 rdaft 
347 |b PDF 
504 |a Includes bibliographical references. 
588 0 |a Online resource; title from PDF title page (Digitalia, viewed January 20, 2026) 
650 0 |a Exports  |z Ecuador. 
651 0 |a Ecuador  |x Commerce. 
651 0 |a Ecuador  |x Foreign economic relations. 
700 1 |a Abril Fajardo, Ximena Catalina,  |e author. 
700 1 |a Ortiz Vidal, Marisol Katherine,  |e author. 
791 2 |a Digitalia (Firm),  |e distributor. 
793 0 |g Digitalia eBook Collection:  |a Universidad del Azuay 
776 0 8 |i Print version:  |a Pauta Ortiz, Juan Carlos.  |t Competitividad de las exportaciones ecuatorianas.  |b Primera edición.  |d Cuenca, Ecuador : Universidad del Azuay, Casa Editora, [2025]  |z 9789942670663 
856 4 0 |3 Digitalia Hispánica  |u https://www.digitaliapublishing.com/a/180857/ 
910 |a Premium collection: 2026